[Event "36 Open Internacional Ciudad de San Seba"]
[Site "Donostia-San Sebastian"]
[Date "2013.03.25"]
[Round "4"]
[White "Pashkov, Vladimir M"]
[Black "Silva Rodriguez, Fernando"]
[Result "0-1"]
[WhiteElo "1923"]
[BlackElo "2175"]
[PlyCount "42"]
[EventDate "2013.03.23"]
[EventRounds "9"]
[EventCountry "ESP"]

1. d4 Nf6 2. Nf3 d5 3. e3 c5 4. b3 Nc6 5. Bb2 Bg4 6. Be2 e6 7. O-O cxd4 8. Nxd4
Bxe2 9. Qxe2 a6 10. c4 Nxd4 11. Bxd4 dxc4 12. Qxc4 Be7 13. Nc3 O-O 14. Rfd1 Qa5
15. Qa4 Qf5 16. Bb6 Rac8 17. Rac1 Rc6 18. Ba5 Rfc8 19. Ne2 Rxc1 20. Rxc1 Rxc1+
21. Nxc1 Qd5 0-1

[Event "36 Open Internacional Ciudad de San Seba"]
[Site "Donostia-San Sebastian"]
[Date "2013.03.25"]
[Round "4"]
[White "Aranaz Portugues, Jose Carlos"]
[Black "Peteiro Osta, Luis Angel"]
[Result "1-0"]
[WhiteElo "2164"]
[BlackElo "1914"]
[PlyCount "83"]
[EventDate "2013.03.23"]
[EventRounds "9"]
[EventCountry "ESP"]

1. d4 d5 2. c4 c6 3. Nc3 Nf6 4. Bg5 e6 5. cxd5 cxd5 6. e3 Be7 7. Bd3 Nbd7 8.
Rc1 a6 9. f4 b5 10. Qf3 Bb7 11. Nh3 Nb6 12. O-O h6 13. Bh4 b4 14. Nb1 Ne4 15.
Bxe7 Qxe7 16. f5 exf5 17. Qxf5 Nd6 18. Qf4 O-O 19. Rf3 Rac8 20. Rcf1 Rc7 21.
Rg3 Kh8 22. Nf2 Bc8 23. b3 a5 24. Nd2 Rc3 25. Nf3 Rxd3 26. Nxd3 Ne4 27. Nfe5
Kg8 28. Nc6 Qe6 29. Nxa5 Nxg3 30. Qxg3 Qe7 31. Nc6 Qe4 32. Ncxb4 Nd7 33. Qf3
Qe6 34. Nf4 Qd6 35. Nfxd5 Bb7 36. Qf4 Qxf4 37. Rxf4 Ra8 38. Rf2 Kf8 39. Rc2 Nf6
40. Nxf6 gxf6 41. d5 Bc8 42. e4 1-0

[Event "36 Open Internacional Ciudad de San Seba"]
[Site "Donostia-San Sebastian"]
[Date "2013.03.25"]
[Round "4"]
[White "Izagirre Alsua, Aritz"]
[Black "Alvarado Fernandez, Mikel"]
[Result "1-0"]
[WhiteElo "1850"]
[BlackElo "2037"]
[PlyCount "38"]
[EventDate "2013.03.23"]
[EventRounds "9"]
[EventCountry "ESP"]

1. e4 c6 2. d3 g6 3. Nf3 Bg7 4. g3 d6 5. h3 Nd7 6. Bg2 Ngf6 7. c3 O-O 8. Be3
Qc7 9. a4 b6 10. Qd2 Ba6 11. Na3 Nc5 12. Bxc5 bxc5 13. Qc2 Rab8 14. O-O Qb6 15.
Rfb1 Nd7 16. Nd2 Ne5 17. Bf1 d5 18. f4 Nxd3 19. a5 c4+ 1-0

[Event "36 Open Internacional Ciudad de San Seba"]
[Site "Donostia-San Sebastian"]
[Date "2013.03.25"]
[Round "4"]
[White "Berdote Alonso, Carlos"]
[Black "Miguelez Garcia, Erlantz"]
[Result "0-1"]
[WhiteElo "1782"]
[BlackElo "2033"]
[PlyCount "100"]
[EventDate "2013.03.23"]
[EventRounds "9"]
[EventCountry "ESP"]

1. d4 Nf6 2. c4 e6 3. Nf3 b6 4. Bf4 Bb7 5. Nc3 Bb4 6. Qb3 a5 7. a3 a4 8. Qc2
Be4 9. Qc1 Bxc3+ 10. Qxc3 d6 11. e3 Qc8 12. Nd2 Bg6 13. Bd3 Bxd3 14. Qxd3 Nbd7
15. Nf3 Qb7 16. O-O O-O 17. Rad1 Rfe8 18. Bg3 Ne4 19. Nd2 Nxg3 20. fxg3 Nf6 21.
h3 e5 22. d5 Qc8 23. Rf2 Nd7 24. Qf5 Rf8 25. Ne4 Nc5 26. Nc3 Qxf5 27. Rxf5 g6
28. Rf2 f5 29. Kh2 g5 30. Nb5 Rf7 31. Rdf1 Raf8 32. Nc3 Rf6 33. g4 f4 34. e4
R8f7 35. Rf3 Kf8 36. Kg1 Ke7 37. Re1 Kd7 38. Na2 Kc8 39. Nb4 Kb7 40. Nc6 Kc8
41. Nb4 Nb3 42. Nc2 Nd2 43. Rc3 f3 44. Kf2 fxg2+ 45. Kxg2 Rf2+ 46. Kg3 Nf1+ 47.
Rxf1 Rxf1 48. Ne3 R7f3+ 49. Kg2 R1f2+ 50. Kg1 Rxb2 0-1

[Event "36 Open Internacional Ciudad de San Seba"]
[Site "Donostia-San Sebastian"]
[Date "2013.03.25"]
[Round "4"]
[White "Ferreruela Romero, Jose Joaqui"]
[Black "Saenz Zabala, Juan Ignacio"]
[Result "1-0"]
[WhiteElo "2022"]
[BlackElo "1797"]
[PlyCount "65"]
[EventDate "2013.03.23"]
[EventRounds "9"]
[EventCountry "ESP"]

1. d4 f5 2. Bg5 Nf6 3. Bxf6 exf6 4. e3 b6 5. Qf3 d5 6. Bd3 g6 7. Ne2 c6 8. Nf4
Qd6 9. Qe2 Bg7 10. O-O O-O 11. Rd1 Re8 12. Na3 Bh6 13. g3 b5 14. c3 Nd7 15. Qf3
Nf8 16. Nc2 Bd7 17. a4 a6 18. Ra2 Bxf4 19. Qxf4 Qe7 20. Rda1 Ne6 21. Qf3 Nc7
22. Bf1 Reb8 23. b4 Re8 24. Ne1 Kg7 25. Nd3 Reb8 26. Nc5 Kg8 27. Bd3 Be8 28.
Ra3 Kg7 29. R1a2 Kg8 30. Qf4 Kg7 31. Qxc7 Qxc7 32. Ne6+ Kf7 33. Nxc7 1-0

[Event "36 Open Internacional Ciudad de San Seba"]
[Site "Donostia-San Sebastian"]
[Date "2013.03.25"]
[Round "4"]
[White "Segovia Sanchez, Antonio"]
[Black "Velte, Daniela"]
[Result "1-0"]
[WhiteElo "2018"]
[BlackElo "1725"]
[PlyCount "67"]
[EventDate "2013.03.23"]
[EventRounds "9"]
[EventCountry "ESP"]

1. d4 Nf6 2. Nf3 d6 3. g3 g6 4. Bg2 Bg7 5. O-O O-O 6. c4 Nbd7 7. Nc3 Rb8 8. a4
e5 9. b3 exd4 10. Nxd4 a6 11. Bb2 c5 12. Nc2 Ne5 13. Qd2 b5 14. axb5 axb5 15.
Nxb5 Be6 16. Rfd1 Bxc4 17. Nxd6 Bxb3 18. Bxe5 Ne4 19. Nxe4 Bxe5 20. Rac1 Qb6
21. Qh6 Bg7 22. Qh4 Rfd8 23. Rxd8+ Rxd8 24. Ne3 c4 25. Nc3 Rd2 26. Nxc4 Bxc4
27. Qxc4 Bd4 28. Ne4 Rb2 29. e3 Bxe3 30. fxe3 Qxe3+ 31. Kh1 Rb4 32. Qc8+ Kg7
33. Qc3+ Qxc3 34. Nxc3 1-0

[Event "36 Open Internacional Ciudad de San Seba"]
[Site "Donostia-San Sebastian"]
[Date "2013.03.25"]
[Round "4"]
[White "Schuettler, Thomas"]
[Black "Armendariz Olalla, Sebastian"]
[Result "1-0"]
[WhiteElo "1993"]
[BlackElo "1673"]
[PlyCount "69"]
[EventDate "2013.03.23"]
[EventRounds "9"]
[EventCountry "ESP"]

1. d4 d5 2. c4 c6 3. Nf3 Nf6 4. Nc3 dxc4 5. e4 Bg4 6. Bxc4 e6 7. a3 Nbd7 8. Be3
Be7 9. Ba2 O-O 10. Qc2 Bh5 11. h3 Qa5 12. Nd2 Rac8 13. O-O Rfd8 14. b4 Qc7 15.
Rac1 Bg6 16. Qb3 b6 17. Qb2 Qb8 18. Rfe1 Qa8 19. Bg5 h6 20. Bh4 Kh8 21. Nf3 Bh7
22. Rcd1 Re8 23. Bg3 Rcd8 24. d5 Nb8 25. Ne5 Bg8 26. dxe6 Rxd1 27. Rxd1 fxe6
28. Ng6+ Kh7 29. Nxe7 Rxe7 30. Rd8 Re8 31. Qd2 Qb7 32. Bxb8 Rxd8 33. Qxd8 c5
34. Be5 Nxe4 35. Qd3 1-0

[Event "36 Open Internacional Ciudad de San Seba"]
[Site "Donostia-San Sebastian"]
[Date "2013.03.25"]
[Round "4"]
[White "Picazo Gonzalez, Ana"]
[Black "Torres, Patrice"]
[Result "1-0"]
[WhiteElo "1762"]
[BlackElo "1975"]
[PlyCount "151"]
[EventDate "2013.03.23"]
[EventRounds "9"]
[EventCountry "ESP"]

1. d4 e6 2. Nf3 c5 3. e3 Nf6 4. Bd3 d5 5. b3 Nc6 6. O-O Qc7 7. a3 Bd6 8. Bb2 e5
9. dxe5 Nxe5 10. Bb5+ Kf8 11. h3 h5 12. Nbd2 Bg4 13. Be2 Rd8 14. Rc1 Ne4 15.
Qe1 Qe7 16. Rd1 Nxd2 17. Nxd2 Bxh3 18. f4 Ng4 19. Qg3 Qxe3+ 20. Qxe3 Nxe3 21.
gxh3 Nxf1 22. Rxf1 h4 23. f5 f6 24. Bf3 Be5 25. Bc1 b6 26. b4 Ke7 27. b5 g5 28.
fxg6 Rh6 29. Bg4 Rxg6 30. Kf2 Kd6 31. Nf3 Bg3+ 32. Ke2 a6 33. bxa6 Ra8 34. Bh5
Rg7 35. Ne1 Re7+ 36. Kd2 Rxe1 37. Rxe1 Bxe1+ 38. Kxe1 Rxa6 39. Kf2 Ra4 40. Bb2
d4 41. Be2 Ra8 42. Kf3 Re8 43. Bc1 Kd5 44. Bd2 c4 45. Bf1 c3 46. Bh6 Ra8 47.
Bc1 Rg8 48. Bf4 Rg1 49. Kf2 Rg7 50. Bd3 Ra7 51. Bc1 Kc5 52. Kf3 b5 53. Kf2 b4
54. axb4+ Kxb4 55. Bf4 Ka3 56. Kf3 Kb2 57. Ke4 Ra4 58. Bd6 Kb1 59. Bc5 f5+ 60.
Ke5 Kc1 61. Bxd4 f4 62. Bxc3 f3 63. Bd4 Kd2 64. Bf2 Rb4 65. Kf5 Ra4 66. Kg5 Ra8
67. Kxh4 Rg8 68. Kh5 Rg2 69. Bd4 Ke1 70. h4 f2 71. Bxf2+ Kxf2 72. Kh6 Ke3 73.
h5 Kd4 74. Bg6 Kc5 75. Kg7 Rd2 76. h6 1-0

[Event "36 Open Internacional Ciudad de San Seba"]
[Site "Donostia-San Sebastian"]
[Date "2013.03.25"]
[Round "4"]
[White "Buiza Prieto, Eihartze"]
[Black "Ruiz Escobar, Rafael"]
[Result "0-1"]
[WhiteElo "1690"]
[BlackElo "1932"]
[PlyCount "96"]
[EventDate "2013.03.23"]
[EventRounds "9"]
[EventCountry "ESP"]

1. e4 c5 2. b3 d5 3. exd5 Qxd5 4. Nc3 Qe5+ 5. Qe2 Qxe2+ 6. Bxe2 e6 7. Ba3 Bd7
8. O-O-O Bc6 9. Bb5 Nf6 10. Nf3 a6 11. Bxc6+ Nxc6 12. Rhe1 b5 13. Bb2 Be7 14.
h3 O-O 15. g4 Rfe8 16. d3 Bd6 17. Ne4 Nxe4 18. Rxe4 a5 19. a4 bxa4 20. Rxa4 Nb4
21. Ne5 f6 22. Nc4 Bc7 23. Ne3 e5 24. f3 Kf7 25. Kd2 g6 26. Ke2 Ke6 27. c3 Nc6
28. Ba3 Bd6 29. Nc4 Bf8 30. Ne3 Kf7 31. Rc4 a4 32. bxa4 Na5 33. Re4 Reb8 34.
Kd2 Rb3 35. Ra1 Rab8 36. Kc2 c4 37. Bxf8 cxd3+ 38. Kxd3 Kxf8 39. Nc4 Nc6 40.
Ree1 Nb4+ 41. Ke4 Rxc3 42. Rac1 Nc2 43. Nd6 Rb4+ 44. Kd5 Rd4+ 45. Ke6 Rc6 46.
Kxf6 Rcxd6+ 47. Kxe5 Ke7 48. Rxc2 R6d5# 0-1

[Event "36 Open Internacional Ciudad de San Seba"]
[Site "Donostia-San Sebastian"]
[Date "2013.03.25"]
[Round "4"]
[White "Abalia Patino, Aritz"]
[Black "Khrisanfova, Alena"]
[Result "1-0"]
[WhiteElo "1658"]
[BlackElo "1890"]
[PlyCount "79"]
[EventDate "2013.03.23"]
[EventRounds "9"]
[EventCountry "ESP"]

1. e4 e6 2. d4 d5 3. Nc3 Nf6 4. Bg5 Be7 5. e5 Nfd7 6. Bxe7 Qxe7 7. Nb5 Nb6 8.
c3 a6 9. Na3 Bd7 10. Qg4 f6 11. f4 O-O 12. Nf3 Na4 13. O-O-O Nxc3 14. bxc3
Qxa3+ 15. Kd2 Qb2+ 16. Kd3 f5 17. Qh5 Bb5+ 18. Ke3 Qxc3+ 19. Kf2 g6 20. Qh6 Nc6
21. Ng5 Rf7 22. Nxf7 Kxf7 23. Qxh7+ Ke8 24. Bxb5 axb5 25. Qg8+ Kd7 26. Qxa8
Nxd4 27. Rhf1 Nc2 28. Kg1 Qc5+ 29. Kh1 Ne3 30. Rc1 Nc4 31. Qg8 Qb6 32. Qf7+ Kd8
33. Qxg6 Nd2 34. Rfe1 Ne4 35. h3 d4 36. Rxe4 fxe4 37. Qxe4 c5 38. f5 exf5 39.
Qd5+ Ke7 40. Rxc5 1-0

[Event "36 Open Internacional Ciudad de San Seba"]
[Site "Donostia-San Sebastian"]
[Date "2013.03.25"]
[Round "4"]
[White "Rodriguez Rodriguez, Luis J"]
[Black "Martikorena Endara, Patxi"]
[Result "1/2-1/2"]
[WhiteElo "1881"]
[BlackElo "1635"]
[PlyCount "57"]
[EventDate "2013.03.23"]
[EventRounds "9"]
[EventCountry "ESP"]

1. d4 d5 2. c4 c6 3. Nc3 Nf6 4. Bg5 e6 5. Nf3 Be7 6. e3 O-O 7. Bd3 dxc4 8. Bxc4
b5 9. Bd3 Bb7 10. Rc1 Nbd7 11. O-O a6 12. Ne4 Nxe4 13. Bxe7 Qxe7 14. Bxe4 Rac8
15. Nd2 e5 16. Qf3 exd4 17. exd4 Qd6 18. Nb3 Nf6 19. Bb1 Ba8 20. Qd3 Rcd8 21.
Rfd1 Rfe8 22. Nc5 a5 23. Qh3 g6 24. Qh4 Re2 25. Rc2 Qe7 26. Rxe2 Qxe2 27. Rf1
Qe7 28. Rd1 Re8 29. f3 1/2-1/2

[Event "36 Open Internacional Ciudad de San Seba"]
[Site "Donostia-San Sebastian"]
[Date "2013.03.25"]
[Round "4"]
[White "Tung, Siu Hung"]
[Black "Sebastiani Paoli, Ruben"]
[Result "1-0"]
[WhiteElo "1859"]
[BlackElo "1543"]
[PlyCount "85"]
[EventDate "2013.03.23"]
[EventRounds "9"]
[EventCountry "ESP"]

1. e4 d6 2. d4 Nc6 3. Be3 g6 4. Nc3 Nf6 5. Nf3 Bd7 6. Bc4 Na5 7. Bd3 Nc6 8. O-O
Bg7 9. h3 a6 10. Qd2 O-O 11. Rad1 e6 12. Bg5 Qc8 13. Ne2 a5 14. c4 Nb4 15. Bb1
Nc6 16. Ng3 b6 17. e5 Ne8 18. Bh6 Ne7 19. Bxg7 Kxg7 20. Qg5 Rg8 21. Qxe7 Qd8
22. Qg5 Qxg5 23. Nxg5 Rf8 24. Rfe1 Rd8 25. b3 h6 26. N5e4 f5 27. exf6+ Nxf6 28.
Nxf6 Rxf6 29. Ne4 Rf7 30. f3 Rdf8 31. Re3 Rf4 32. Kf2 Bc6 33. d5 Bd7 34. dxe6
Bxe6 35. Nxd6 Bd7 36. Re7+ Kg8 37. Rxd7 cxd6 38. R1xd6 R4f6 39. Bxg6 Rxd6 40.
Rxd6 Kg7 41. Be4 Rb8 42. Rg6+ Kf8 43. Rxh6 1-0

[Event "36 Open Internacional Ciudad de San Seba"]
[Site "Donostia-San Sebastian"]
[Date "2013.03.25"]
[Round "4"]
[White "Munoz Avila, Jose Luis"]
[Black "Arana Garate, Jon"]
[Result "0-1"]
[WhiteElo "1545"]
[BlackElo "1857"]
[PlyCount "80"]
[EventDate "2013.03.23"]
[EventRounds "9"]
[EventCountry "ESP"]

1. c4 Nf6 2. Nc3 c5 3. g3 Nc6 4. Bg2 g6 5. d3 Bg7 6. Bf4 d6 7. Rc1 O-O 8. Nf3
e5 9. Bg5 h6 10. Bd2 a6 11. O-O Bd7 12. e4 Qc8 13. Na4 Rb8 14. Nb6 Qc7 15. Nxd7
Nxd7 16. Bc3 Nd4 17. Bxd4 exd4 18. Bh3 Rbe8 19. Nh4 Bf6 20. Ng2 b5 21. b3 bxc4
22. bxc4 Rb8 23. f4 Bg7 24. Qe2 Rfe8 25. Bxd7 Qxd7 26. f5 gxf5 27. Qf3 fxe4 28.
dxe4 Qe6 29. Nh4 Re7 30. Nf5 Rd7 31. Qg4 Qg6 32. Nxh6+ Bxh6 33. Qxd7 Be3+ 34.
Kg2 Bxc1 35. Rxc1 Qxe4+ 36. Kh3 Qh7+ 37. Kg2 Rb2+ 38. Kf3 Qh5+ 39. Ke4 Re2+ 40.
Kf4 Rf2+ 0-1

[Event "36 Open Internacional Ciudad de San Seba"]
[Site "Donostia-San Sebastian"]
[Date "2013.03.25"]
[Round "4"]
[White "Salgado Cea, Gorka"]
[Black "Alfaro Garcia Del Cerro, Juan"]
[Result "1-0"]
[WhiteElo "1855"]
[BlackElo "1331"]
[PlyCount "79"]
[EventDate "2013.03.23"]
[EventRounds "9"]
[EventCountry "ESP"]

1. e4 d6 2. d4 Nf6 3. Nc3 g6 4. f4 Bg7 5. Nf3 c5 6. dxc5 dxc5 7. Qxd8+ Kxd8 8.
Be3 b6 9. O-O-O+ Nbd7 10. Ng5 Ke8 11. Bc4 e6 12. e5 Ng4 13. Bg1 Bb7 14. Rd2 a6
15. h3 Nh6 16. Nce4 Ke7 17. Nd6 Bc6 18. Bd3 b5 19. Bxc5 Nxc5 20. Rhd1 Nxd3+ 21.
Rxd3 Bxg2 22. Rc3 Ra7 23. Nc8+ Rxc8 24. Rxc8 Nf5 25. Rdd8 Bh6 26. Re8+ Kd7 27.
Nxf7 Bxf4+ 28. Kb1 Bxh3 29. Rcd8+ Kc7 30. Rd3 Bf1 31. Rf3 Kd7 32. Rh8 Be2 33.
Rxf4 Kc6 34. Rxh7 Rd7 35. b3 Rd1+ 36. Kb2 Bh5 37. Ng5 Kd5 38. Rd7+ Kxe5 39.
Re4+ Kf6 40. Nh7# 1-0

[Event "36 Open Internacional Ciudad de San Seba"]
[Site "Donostia-San Sebastian"]
[Date "2013.03.26"]
[Round "5"]
[White "Vazquez Igarza, Renier"]
[Black "Alsina Leal, Daniel"]
[Result "1/2-1/2"]
[WhiteElo "2557"]
[BlackElo "2518"]
[PlyCount "70"]
[EventDate "2013.03.23"]
[EventRounds "9"]
[EventCountry "ESP"]

1. Nf3 d5 2. d4 Nf6 3. c4 c6 4. Nc3 e6 5. cxd5 exd5 6. Bg5 h6 7. Bh4 Bf5 8. e3
Nbd7 9. Bd3 Bxd3 10. Qxd3 Be7 11. O-O O-O 12. Rab1 a5 13. a3 Re8 14. Qc2 Nb6
15. Rfe1 Nc4 16. Bxf6 Bxf6 17. e4 dxe4 18. Nxe4 Nd6 19. Nxf6+ Qxf6 20. Re5 Rxe5
21. dxe5 Qf5 22. Qxf5 Nxf5 23. Rd1 Kf8 24. Rd7 Rb8 25. e6 fxe6 26. Ne5 Ne7 27.
f4 Ke8 28. Kf2 h5 29. g3 Nf5 30. Ke1 Kf8 31. h3 Kg8 32. Kf2 c5 33. Nf3 b5 34.
g4 hxg4 35. hxg4 Nd4 1/2-1/2

[Event "36 Open Internacional Ciudad de San Seba"]
[Site "Donostia-San Sebastian"]
[Date "2013.03.26"]
[Round "5"]
[White "Gagarin, Vasilij"]
[Black "Andres Gonzalez, Alberto"]
[Result "1/2-1/2"]
[WhiteElo "2321"]
[BlackElo "2542"]
[PlyCount "26"]
[EventDate "2013.03.23"]
[EventRounds "9"]
[EventCountry "ESP"]

1. Nf3 Nf6 2. g3 d5 3. Bg2 c6 4. O-O Bg4 5. d3 Nbd7 6. h3 Bxf3 7. Bxf3 e5 8.
Bg2 Bc5 9. c4 dxc4 10. dxc4 O-O 11. Nc3 Re8 12. Qc2 Qc7 13. b3 Rad8 1/2-1/2

[Event "36 Open Internacional Ciudad de San Seba"]
[Site "Donostia-San Sebastian"]
[Date "2013.03.26"]
[Round "5"]
[White "Bas Mas, Jose Joaquin"]
[Black "Vocaturo, Daniele"]
[Result "0-1"]
[WhiteElo "2258"]
[BlackElo "2511"]
[PlyCount "64"]
[EventDate "2013.03.23"]
[EventRounds "9"]
[EventCountry "ESP"]

1. e4 e5 2. Nf3 Nc6 3. Bc4 g6 4. O-O Bg7 5. c3 d6 6. d4 Qe7 7. Ng5 Nh6 8. h3
exd4 9. cxd4 Nxd4 10. Be3 Ne6 11. Qc1 Ng8 12. Nc3 c6 13. Rd1 Nxg5 14. Bxg5 Bf6
15. Bxf6 Nxf6 16. Qd2 b5 17. Bb3 b4 18. Na4 Nxe4 19. Qxb4 d5 20. Qxe7+ Kxe7 21.
Rac1 Bd7 22. f3 Nf6 23. Nc5 Rab8 24. Rd4 Rb6 25. Ba4 Rc8 26. b4 Be6 27. a3 Nd7
28. Nxd7 Bxd7 29. Bd1 a5 30. f4 axb4 31. axb4 Rcb8 32. Rb1 Be6 0-1

[Event "36 Open Internacional Ciudad de San Seba"]
[Site "Donostia-San Sebastian"]
[Date "2013.03.26"]
[Round "5"]
[White "Hernandez, Elvis"]
[Black "Pogorelov, Ruslan"]
[Result "1/2-1/2"]
[WhiteElo "2288"]
[BlackElo "2403"]
[PlyCount "159"]
[EventDate "2013.03.23"]
[EventRounds "9"]
[EventCountry "ESP"]

1. e4 c5 2. Nf3 e6 3. c3 Nf6 4. e5 Nd5 5. d4 cxd4 6. cxd4 d6 7. Bc4 Nb6 8. Bd3
dxe5 9. dxe5 Na6 10. Qe2 Nc5 11. Bc2 Nd5 12. O-O Bd7 13. Nc3 Nxc3 14. bxc3 Qa5
15. Rd1 Be7 16. Rb1 Ba4 17. Bg5 Bxg5 18. Nxg5 h6 19. Bxa4+ Qxa4 20. Rb4 Qa6 21.
Qe3 Rc8 22. Nf3 O-O 23. Rg4 f5 24. exf6 Rxf6 25. Qe5 Kh7 26. h4 Qxa2 27. Qh5
Qc2 28. Rdd4 Qb1+ 29. Kh2 b6 30. Rdf4 Rcf8 31. Rxf6 Rxf6 32. Qe8 Qf5 33. Rg3
Ne4 34. Rh3 Qf4+ 35. Kg1 Qc1+ 36. Kh2 Qf4+ 37. Kg1 Rg6 38. h5 Rf6 39. Qa4 Qc1+
40. Kh2 Qf4+ 41. Kg1 Ng5 42. Qc2+ Qf5 43. Nxg5+ hxg5 44. Qa2 Qc5 45. h6 gxh6
46. Qxa7+ Kg6 47. Qa2 Qd5 48. Qc2+ Qf5 49. Qe2 g4 50. Re3 h5 51. Re5 Qf4 52.
Rxe6 Rxe6 53. Qxe6+ Qf6 54. Qg8+ Kh6 55. Qc4 Qd6 56. Qe2 Kg7 57. g3 Kf6 58. Qe3
Qc5 59. Qd3 Ke5 60. Qg6 Kd5 61. Qxh5+ Kc4 62. Qxg4+ Kxc3 63. Qf3+ Kc2 64. Qe2+
Kc3 65. Qe1+ Kc2 66. Qe4+ Kc3 67. Qb1 Kd2 68. Qb2+ Ke1 69. g4 b5 70. Qb1+ Kd2
71. Kg2 b4 72. Qb2+ Kd3 73. Qb1+ Kd4 74. Qd1+ Ke5 75. Qe2+ Kd6 76. f3 Qc3 77.
Qa6+ Ke5 78. Qe2+ Kd4 {[

[Event "36 Open Internacional Ciudad de San Seba"]
[Site "Donostia-San Sebastian"]
[Date "2013.03.26"]
[Round "5"]
[White "Prieto Martin, Alfonso"]
[Black "Alonso Rosell, Alvar"]
[Result "0-1"]
[WhiteElo "2181"]
[BlackElo "2552"]
[PlyCount "46"]
[EventDate "2013.03.23"]
[EventRounds "9"]
[EventCountry "ESP"]

1. e4 c5 2. Nf3 Nf6 3. e5 Nd5 4. Nc3 e6 5. Nxd5 exd5 6. d4 Nc6 7. dxc5 Bxc5 8.
Qxd5 d6 9. Qe4 Qb6 10. Bc4 Bxf2+ 11. Ke2 Be6 12. Bxe6 fxe6 13. Rf1 Bc5 14. c3
d5 15. Qc2 O-O 16. Bg5 Rf5 17. g4 Qa6+ 18. Kd2 Rf7 19. Bh4 Nxe5 20. Nxe5 Rxf1
21. Rxf1 Qxf1 22. Nd3 Qg2+ 23. Kd1 Qxg4+ 0-1

[Event "36 Open Internacional Ciudad de San Seba"]
[Site "Donostia-San Sebastian"]
[Date "2013.03.26"]
[Round "5"]
[White "Gonzalez Perez, Arian"]
[Black "Aranaz Portugues, Jose Carlos"]
[Result "1-0"]
[WhiteElo "2454"]
[BlackElo "2164"]
[PlyCount "35"]
[EventDate "2013.03.23"]
[EventRounds "9"]
[EventCountry "ESP"]

1. e4 c6 2. d4 d5 3. e5 g6 4. h3 Bg7 5. Nf3 Nh6 6. Be2 f6 7. exf6 exf6 8. O-O
O-O 9. Bf4 Re8 10. c4 dxc4 11. Bxc4+ Be6 12. Bxe6+ Rxe6 13. Qb3 Qe7 14. Re1 Kf7
15. Rxe6 Qxe6 16. Qxb7+ Nd7 17. Qxa8 g5 18. Nc3 1-0

[Event "36 Open Internacional Ciudad de San Seba"]
[Site "Donostia-San Sebastian"]
[Date "2013.03.26"]
[Round "5"]
[White "Argandona Riveiro, Inigo"]
[Black "Etxagibel Larranaga, Asier"]
[Result "0-1"]
[WhiteElo "2421"]
[BlackElo "2110"]
[PlyCount "82"]
[EventDate "2013.03.23"]
[EventRounds "9"]
[EventCountry "ESP"]

1. c4 Nf6 2. Nc3 c6 3. d4 d5 4. Nf3 a6 5. c5 Bg4 6. Ne5 Bf5 7. Bf4 g6 8. e3 Bg7
9. Be2 O-O 10. h3 Nfd7 11. Nf3 f6 12. Qb3 e5 13. Bg3 Ra7 14. O-O Kh8 15. Rad1
e4 16. Nh4 Be6 17. Nxe4 g5 18. Nf3 dxe4 19. Qxe6 exf3 20. Bxf3 Re8 21. Qg4 Qe7
22. Bd6 Qf7 23. Be4 Nf8 24. Bf5 Nbd7 25. e4 b6 26. b4 bxc5 27. bxc5 Ng6 28. g3
Bf8 29. Rc1 a5 30. Rc2 Nb8 31. Bxb8 Rxb8 32. Be6 Qg7 33. f4 gxf4 34. gxf4 f5
35. exf5 Qxd4+ 36. Kh1 Rg7 37. Rc4 Qd3 38. Qf3 Qxf3+ 39. Rxf3 Rb1+ 40. Kh2 Nh4
41. Rf2 Rb2 0-1

[Event "36 Open Internacional Ciudad de San Seba"]
[Site "Donostia-San Sebastian"]
[Date "2013.03.26"]
[Round "5"]
[White "Velten, Paul"]
[Black "Guijarro Galan, Jose Luis"]
[Result "1-0"]
[WhiteElo "2385"]
[BlackElo "2154"]
[PlyCount "67"]
[EventDate "2013.03.23"]
[EventRounds "9"]
[EventCountry "ESP"]

1. d4 d5 2. g3 e6 3. Bg2 Nf6 4. Nf3 Be7 5. O-O O-O 6. b3 Nbd7 7. Bb2 Ne4 8.
Nbd2 f5 9. c4 c6 10. Rc1 a5 11. Ne1 Bb4 12. Nxe4 fxe4 13. f3 Qg5 14. Nc2 Nf6
15. Nxb4 axb4 16. Ra1 Qe3+ 17. Kh1 Bd7 18. Bc1 Qc3 19. Bf4 exf3 20. Bxf3 dxc4
21. Rc1 Qb2 22. Rc2 Qa3 23. bxc4 b3 24. Rc3 Qxa2 25. Rxb3 Ra4 26. Rxb7 Qxc4 27.
Be5 Qa6 28. Rc7 Rf7 29. Qb3 h6 30. Bxf6 Ra3 31. Qb8+ Rf8 32. Qb1 Rxf6 33. Rxd7
Ra2 34. Qb8+ 1-0

[Event "36 Open Internacional Ciudad de San Seba"]
[Site "Donostia-San Sebastian"]
[Date "2013.03.26"]
[Round "5"]
[White "Sanz Rodero, Mikel"]
[Black "Aranaz Murillo, Amalia"]
[Result "1-0"]
[WhiteElo "2110"]
[BlackElo "2275"]
[PlyCount "53"]
[EventDate "2013.03.23"]
[EventRounds "9"]
[EventCountry "ESP"]

1. e4 c6 2. d4 d5 3. Nc3 dxe4 4. Nxe4 Bf5 5. Ng3 Bg6 6. N1e2 e6 7. Nf4 Bd6 8.
c3 Nf6 9. h4 O-O 10. Qf3 e5 11. Nxg6 fxg6 12. Bc4+ Kh8 13. Bg5 Qb6 14. O-O-O
exd4 15. Rxd4 Be5 16. Bxf6 Bxf6 17. Kb1 Na6 18. Rf4 Be7 19. h5 g5 20. Rf7 Ba3
21. b4 Rxf7 22. Qxf7 Nxb4 23. h6 Nd5+ 24. Bb3 Bf8 25. Nf5 gxh6 26. Nxh6 Bg7 27.
Qg8+ 1-0

[Event "36 Open Internacional Ciudad de San Seba"]
[Site "Donostia-San Sebastian"]
[Date "2013.03.26"]
[Round "5"]
[White "Izagirre Alsua, Aritz"]
[Black "Rebole Arbea, Jose Ignacio"]
[Result "0-1"]
[WhiteElo "1850"]
[BlackElo "2183"]
[PlyCount "70"]
[EventDate "2013.03.23"]
[EventRounds "9"]
[EventCountry "ESP"]

1. e4 c5 2. Nc3 Nc6 3. g3 g6 4. Bg2 Bg7 5. d3 e6 6. Be3 d6 7. Qd2 Rb8 8. Nd1 b5
9. f4 Nge7 10. Nf3 a5 11. O-O O-O 12. g4 f5 13. h3 b4 14. Rb1 Nd4 15. Bf2 Qc7
16. Bg3 Bd7 17. Ne3 Bb5 18. Rfe1 a4 19. Ng5 h6 20. Nf3 a3 21. c4 Bc6 22. Nd1
axb2 23. Nxd4 Bxd4+ 24. Bf2 Bf6 25. exf5 Bxg2 26. Kxg2 exf5 27. Re6 Qd7 28. Qe2
Kf7 29. Re3 Nc6 30. Nxb2 Nd4 31. Qd1 Ra8 32. Re1 Rxa2 33. Kg3 Re8 34. Rxe8 Qxe8
35. Qc1 Ne2+ {Qd1} 0-1

[Event "36 Open Internacional Ciudad de San Seba"]
[Site "Donostia-San Sebastian"]
[Date "2013.03.26"]
[Round "5"]
[White "Narciso Dublan, Marc"]
[Black "Segovia Sanchez, Antonio"]
[Result "1-0"]
[WhiteElo "2551"]
[BlackElo "2018"]
[PlyCount "83"]
[EventDate "2013.03.23"]
[EventRounds "9"]
[EventCountry "ESP"]

1. d4 Nf6 2. c4 e6 3. Nc3 d5 4. cxd5 exd5 5. Bg5 Be7 6. e3 c6 7. Bd3 Nbd7 8.
Nge2 O-O 9. Qc2 Re8 10. O-O h6 11. Bf4 Nf8 12. Rab1 Bd6 13. b4 Ne6 14. Bg3 Qe7
15. b5 c5 16. Be5 cxd4 17. exd4 Bxe5 18. dxe5 Ng4 19. Nxd5 Qh4 20. h3 Nxe5 21.
Rb4 Qd8 22. Rd1 Bd7 23. Bf5 Rc8 24. Qb1 Nc5 25. Ng3 Qg5 26. h4 Bxf5 27. Nxf5
Qh5 28. Nde7+ Kh8 29. Nxc8 Rxc8 30. Ng3 Qg6 31. Qxg6 Nxg6 32. Nf5 Rc7 33. b6
axb6 34. Rxb6 Ne5 35. Rb5 Ncd3 36. Rb3 Nf4 37. Re3 Ng4 38. Re4 g5 39. hxg5 hxg5
40. Ne3 Nf6 41. Re5 g4 42. Rf5 1-0

[Event "36 Open Internacional Ciudad de San Seba"]
[Site "Donostia-San Sebastian"]
[Date "2013.03.26"]
[Round "5"]
[White "Schuettler, Thomas"]
[Black "Moreno Ruiz, Javier"]
[Result "0-1"]
[WhiteElo "1993"]
[BlackElo "2495"]
[PlyCount "24"]
[EventDate "2013.03.23"]
[EventRounds "9"]
[EventCountry "ESP"]

1. d4 Nf6 2. c4 e6 3. Nc3 Bb4 4. Qc2 O-O 5. a3 Bxc3+ 6. Qxc3 d5 7. Bg5 c5 8.
Nf3 cxd4 9. Qxd4 Nc6 10. Bxf6 Nxd4 11. Bxd8 Nc2+ 12. Kd1 Nxa1 0-1